[Event "Steinfurt Bezirksliga 1213"]
[Site "Germany"]
[Date "2013.02.02"]
[Round "6.1"]
[White "Raus, Michael"]
[Black "Wetterau, Georg"]
[Result "0-1"]
[WhiteElo "1757"]
[BlackElo "1771"]
[PlyCount "74"]
[EventDate "2012.09.22"]
[EventType "team-tourn"]
[EventRounds "9"]
[EventCountry "GER"]
[SourceTitle "EXT 2015"]
[Source "ChessBase"]
[SourceDate "2014.11.20"]
[SourceVersion "1"]
[SourceVersionDate "2014.11.20"]
[SourceQuality "1"]
[WhiteTeam "Steinfurt II"]
[BlackTeam "Nordwalde"]
[WhiteTeamCountry "GER"]
[BlackTeamCountry "GER"]

1. e4 e5 2. Nf3 Nc6 3. Bc4 Bc5 4. c3 Qe7 5. 0-0 d6 6. d4 Bb6 7. Re1 Bg4 8. d5 Nb8 9. Nbd2 Nf6 10. a4 a6 11. b4 a5 12. Ba3 Nbd7 13. Nb3 axb4 14. Bxb4 0-0 15. Qd3 Nh5 16. Nbd2 Nf4 17. Qc2 Qf6 18. Be2 Nxe2+ 19. Rxe2 Qh6 20. c4 f5 21. Ra3 fxe4 22. Qxe4 Rf4 23. Qc2 Raf8 24. a5 Ba7 25. Ne4 Bxf3 26. Rxf3 Rxf3 27. gxf3 Rxf3 28. Ng3 Nf6 29. Kg2 Qf4 30. Qd2 Ng4 31. Qxf4 Rxf4 32. Bd2 Rxc4 33. h3 Nf6 34. Be3 Bxe3 35. Rxe3 Nxd5 36. Rb3 Rb4 37. Rd3 Nf4+ 0-1

[Event "Steinfurt Bezirksliga 1213"]
[Site "Germany"]
[Date "2012.11.24"]
[Round "3.1"]
[White "Raus, Michael"]
[Black "Guennigmann, Stefan"]
[Result "1/2-1/2"]
[WhiteElo "1757"]
[BlackElo "1755"]
[PlyCount "75"]
[EventDate "2012.09.22"]
[EventType "team-tourn"]
[EventRounds "9"]
[EventCountry "GER"]
[SourceTitle "EXT 2015"]
[Source "ChessBase"]
[SourceDate "2014.11.20"]
[SourceVersion "1"]
[SourceVersionDate "2014.11.20"]
[SourceQuality "1"]
[WhiteTeam "Steinfurt II"]
[BlackTeam "Saerbeck II"]
[WhiteTeamCountry "GER"]
[BlackTeamCountry "GER"]

1. e4 d5 2. exd5 Nf6 3. d4 Qxd5 4. Nc3 Qa5 5. Bd2 Bf5 6. Nf3 Nbd7 7. Bc4 c6 8. 0-0 e6 9. a3 Qc7 10. Ne2 Bd6 11. Ng3 Bg4 12. h3 Bxf3 13. Qxf3 Qb6 14. Bc3 Nd5 15. Ne4 Be7 16. Rfe1 N7f6 17. Nxf6+ Bxf6 18. Bxd5 cxd5 19. Qxd5 Rd8 20. Qc5 Qxc5 21. dxc5 Bxc3 22. bxc3 Rc8 23. Rab1 Rc7 24. Rb3 Kd7 25. Reb1 Rb8 26. c4 a6 27. Rb6 Kc8 28. Rd6 Rxc5 29. Rbd1 b6 30. Rd8+ Kb7 31. R8d7+ Rc7 32. f3 Rbc8 33. Kf2 Rxd7 34. Rxd7+ Rc7 35. Rd4 b5 36. cxb5 Rxc2+ 37. Kg3 axb5 38. Rb4 1/2-1/2

[Event "Muensterland op 30th"]
[Site "Senden"]
[Date "2012.10.10"]
[Round "6"]
[White "Raus, Michael"]
[Black "Barthel, Ansgar"]
[Result "0-1"]
[WhiteElo "1724"]
[BlackElo "2170"]
[PlyCount "74"]
[EventDate "2012.10.06"]
[EventType "swiss"]
[EventRounds "9"]
[EventCountry "GER"]
[SourceTitle "EXT 2013"]
[Source "ChessBase"]
[SourceDate "2012.11.22"]
[SourceVersion "1"]
[SourceVersionDate "2012.11.22"]
[SourceQuality "1"]

1. e4 Nf6 2. e5 Nd5 3. d4 d6 4. c4 Nb6 5. exd6 cxd6 6. Nf3 g6 7. b3 Bg7 8. Bb2 0-0 9. Be2 Nc6 10. 0-0 d5 11. Na3 dxc4 12. bxc4 Bg4 13. Rb1 Qd7 14. Ne5 Nxe5 15. dxe5 Qxd1 16. Bxd1 Bf5 17. Rc1 Bd3 18. Re1 Bh6 19. Ra1 Bd2 20. Be2 Bxe1 21. Bxd3 Bb4 22. Nc2 Bc5 23. Bc3 Rfd8 24. Be2 Rac8 25. Kf1 Na4 26. Be1 Bb6 27. Rb1 Nc5 28. Nb4 e6 29. f4 Ne4 30. Rb2 Be3 31. g3 Nd2+ 32. Bxd2 Rxd2 33. Rxd2 Bxd2 34. a3 Bc1 35. Nc2 b5 36. Nd4 bxc4 37. Nb5 c3 0-1

[Event "Muensterland Verbandsklasse-B 1112"]
[Site "Germany"]
[Date "2011.10.08"]
[Round "2.6"]
[White "Raus, Michael"]
[Black "Keller, Hansjuergen"]
[Result "1-0"]
[WhiteElo "1734"]
[BlackElo "1648"]
[PlyCount "95"]
[EventDate "2011.09.17"]
[EventType "team-tourn"]
[EventRounds "9"]
[EventCountry "GER"]
[SourceTitle "EXT 2013"]
[Source "ChessBase"]
[SourceDate "2012.11.22"]
[SourceVersion "1"]
[SourceVersionDate "2012.11.22"]
[SourceQuality "1"]
[WhiteTeam "Steinfurt"]
[BlackTeam "Nordwalde"]
[WhiteTeamCountry "GER"]
[BlackTeamCountry "GER"]

1. e4 d5 2. exd5 Qxd5 3. Nc3 Qa5 4. d4 c6 5. Bd2 Bf5 6. Nf3 e6 7. Be2 Nd7 8. 0-0 Ngf6 9. Re1 Qc7 10. h3 Bd6 11. Nh4 Bg6 12. Nxg6 hxg6 13. Bf3 0-0 14. Ne4 Nxe4 15. Bxe4 Nf6 16. Bf3 e5 17. Bc3 exd4 18. Qxd4 Rfd8 19. Qc4 Re8 20. Rxe8+ Rxe8 21. Rd1 Be5 22. Bxe5 Qxe5 23. c3 Qc7 24. b4 Re5 25. a4 Qe7 26. Qd4 a5 27. Qd8+ Qxd8 28. Rxd8+ Kh7 29. Rb8 axb4 30. cxb4 Re1+ 31. Kh2 Re7 32. b5 Ne4 33. bxc6 bxc6 34. Rb4 Nxf2 35. Bxc6 Nd3 36. Rb7 Re6 37. Bb5 Nc5 38. Rxf7 Re4 39. Ra7 Rb4 40. Bc6 Nb3 41. Rb7 Rxb7 42. Bxb7 Na5 43. Be4 Kh6 44. Kg3 Kg5 45. Kf3 Kf6 46. Ke3 g5 47. Kd4 Ke6 48. Kc5 1-0

[Event "Steinfurt Bezirksliga 1011"]
[Site "Germany"]
[Date "2011.04.16"]
[Round "8.1"]
[White "Raus, Michael"]
[Black "Terhorst, Timo"]
[Result "1/2-1/2"]
[WhiteElo "1773"]
[BlackElo "1564"]
[PlyCount "62"]
[EventDate "2010.10.02"]
[EventType "team-tourn"]
[EventRounds "9"]
[EventCountry "GER"]
[SourceTitle "EXT 2012"]
[Source "ChessBase"]
[SourceDate "2011.11.24"]
[SourceVersion "1"]
[SourceVersionDate "2011.11.24"]
[SourceQuality "1"]
[WhiteTeam "Steinfurt II"]
[BlackTeam "Rheine SG"]
[WhiteTeamCountry "GER"]
[BlackTeamCountry "GER"]

1. e4 c5 2. Nc3 d6 3. d3 Nf6 4. f4 Nc6 5. Nf3 Bg4 6. Be2 e6 7. 0-0 Be7 8. Qe1 Bxf3 9. Bxf3 Nd4 10. Qf2 0-0 11. Nd1 Qc7 12. Ne3 Rad8 13. c3 Nxf3+ 14. Qxf3 b5 15. f5 d5 16. Ng4 Nxg4 17. Qxg4 exf5 18. Rxf5 Kh8 19. Bf4 Qd7 20. Qf3 dxe4 21. dxe4 Qd3 22. Qxd3 Rxd3 23. Rd5 Rd8 24. Rxd8+ Bxd8 25. Kf2 Bb6 26. Ke2 c4 27. Rd1 Rxd1 28. Kxd1 h6 29. g3 f6 30. Ke2 Kg8 31. Kf3 Kf7 1/2-1/2

[Event "Muensterland Verbandsliga 1011"]
[Site "Germany"]
[Date "2011.01.15"]
[Round "5.7"]
[White "Raus, Michael"]
[Black "Schilberg, Ingo"]
[Result "1/2-1/2"]
[WhiteElo "1760"]
[BlackElo "1842"]
[PlyCount "84"]
[EventDate "2010.09.25"]
[EventType "team-tourn"]
[EventRounds "9"]
[EventCountry "GER"]
[SourceTitle "EXT 2012"]
[Source "ChessBase"]
[SourceDate "2011.11.24"]
[SourceVersion "1"]
[SourceVersionDate "2011.11.24"]
[SourceQuality "1"]
[WhiteTeam "Steinfurt"]
[BlackTeam "Heiden"]
[WhiteTeamCountry "GER"]
[BlackTeamCountry "GER"]

1. e4 g6 2. d4 Bg7 3. Nf3 d6 4. Nc3 a6 5. Be3 b5 6. Bd3 Bb7 7. 0-0 Nd7 8. Ne2 c5 9. c3 Ngf6 10. Ng3 0-0 11. Nd2 Rc8 12. f4 e6 13. Qe2 Rc7 14. Rae1 d5 15. e5 Ne8 16. Qf3 Qa8 17. Ne2 Nb6 18. b3 c4 19. Bc2 cxb3 20. axb3 b4 21. Nb1 Rc8 22. Bd3 bxc3 23. Nbxc3 f6 24. Qh3 f5 25. Ra1 Rf7 26. Rfc1 Rfc7 27. Qh4 Bf8 28. Bd2 h6 29. Ra2 Kh7 30. Rca1 Bb4 31. Qe1 Qb8 32. Bxa6 Bxa6 33. Rxa6 Rb7 34. Nb5 Bxd2 35. Qxd2 Nd7 36. Nd6 Nxd6 37. Rxd6 Nf8 38. Qa5 Rcc7 39. Qa8 Qxa8 40. Rxa8 Kg7 41. Ra3 Rc2 42. Kf2 Rb2 1/2-1/2

[Event "Muensterland Verbandsliga 0910"]
[Site "Germany"]
[Date "2010.03.06"]
[Round "7.8"]
[White "Berger, Alfred Josef"]
[Black "Raus, Michael"]
[Result "1/2-1/2"]
[WhiteElo "1894"]
[BlackElo "1764"]
[PlyCount "104"]
[EventDate "2009.09.26"]
[EventType "team-tourn"]
[EventRounds "9"]
[EventCountry "GER"]
[SourceTitle "EXT 2011"]
[Source "ChessBase"]
[SourceDate "2010.11.26"]
[SourceVersion "1"]
[SourceVersionDate "2010.11.26"]
[SourceQuality "1"]
[WhiteTeam "Heiden"]
[BlackTeam "Steinfurt"]
[WhiteTeamCountry "GER"]
[BlackTeamCountry "GER"]

1. c4 e5 2. Nc3 Nf6 3. Nf3 Nc6 4. g3 g6 5. Bg2 Bg7 6. 0-0 0-0 7. Rb1 d6 8. b4 Be6 9. d3 h6 10. b5 Ne7 11. Bd2 Qd7 12. Qc1 Kh7 13. Re1 c6 14. bxc6 Nxc6 15. Qb2 Rab8 16. e4 Nh5 17. Qa3 f5 18. exf5 Bxf5 19. Nd5 Bg4 20. Nh4 Nf6 21. Be3 b6 22. Qa4 Nxd5 23. Bxd5 Ne7 24. Qxd7 Bxd7 25. Be4 Nf5 26. Bxf5 Bxf5 27. Nxf5 gxf5 28. f4 Rbc8 29. Rbd1 Rfd8 30. Bc1 Kg6 31. Bb2 exf4 32. Bxg7 Kxg7 33. gxf4 Kf7 34. Kf2 d5 35. cxd5 Rc2+ 36. Re2 Rxe2+ 37. Kxe2 Rxd5 38. Rc1 Ra5 39. Rc2 Ke7 40. Ke3 Kd6 41. Rg2 Kd5 42. h4 b5 43. Rg6 Rxa2 44. Rf6 b4 45. Rxf5+ Ke6 46. Rb5 a5 47. h5 Ke7 48. Kd4 Ra3 49. Kc4 Rc3+ 50. Kd4 Ra3 51. Kc4 Rc3+ 52. Kd4 Ra3 1/2-1/2

[Event "Steinfurt Bezirksliga 0910"]
[Site "Germany"]
[Date "2009.12.05"]
[Round "4.1"]
[White "Raus, Michael"]
[Black "Guennigmann, Stefan"]
[Result "1/2-1/2"]
[WhiteElo "1774"]
[BlackElo "1764"]
[PlyCount "28"]
[EventDate "2009.09.12"]
[EventType "team-tourn"]
[EventRounds "9"]
[EventCountry "GER"]
[SourceTitle "EXT 2011"]
[Source "ChessBase"]
[SourceDate "2010.11.26"]
[SourceVersion "1"]
[SourceVersionDate "2010.11.26"]
[SourceQuality "1"]
[WhiteTeam "Steinfurt II"]
[BlackTeam "Saerbeck II"]
[WhiteTeamCountry "GER"]
[BlackTeamCountry "GER"]

1. e4 d5 2. exd5 Nf6 3. Nf3 Qxd5 4. Nc3 Qa5 5. d4 Bg4 6. Be2 e6 7. h3 Bh5 8. Ne5 Bxe2 9. Qxe2 Bb4 10. Bd2 Nbd7 11. Nxd7 Nxd7 12. Ne4 Bxd2+ 13. Nxd2 0-0-0 14. 0-0 Nf6 1/2-1/2

[Event "Steinfurt Bezirksliga 0910"]
[Site "Germany"]
[Date "2009.11.14"]
[Round "3.1"]
[White "Visschedijk, Theo"]
[Black "Raus, Michael"]
[Result "1/2-1/2"]
[WhiteElo "1902"]
[BlackElo "1774"]
[PlyCount "41"]
[EventDate "2009.09.12"]
[EventType "team-tourn"]
[EventRounds "9"]
[EventCountry "GER"]
[SourceTitle "EXT 2011"]
[Source "ChessBase"]
[SourceDate "2010.11.26"]
[SourceVersion "1"]
[SourceVersionDate "2010.11.26"]
[SourceQuality "1"]
[WhiteTeam "Emsdetten Turm III"]
[BlackTeam "Steinfurt II"]
[WhiteTeamCountry "GER"]
[BlackTeamCountry "GER"]

1. e4 e6 2. Qe2 c5 3. f4 Nc6 4. Nf3 Nf6 5. g3 Be7 6. e5 Nd5 7. Nc3 Nxc3 8. dxc3 d5 9. exd6 Qxd6 10. Bd2 0-0 11. 0-0-0 Rd8 12. Bg2 Qc7 13. Ne5 Nxe5 14. fxe5 Bd7 15. Rhf1 Bc6 16. Bxc6 Qxc6 17. Qf2 Rf8 18. Be3 b6 19. h4 Rad8 20. Rxd8 Bxd8 21. Bf4 1/2-1/2